Сигнализаторы напряжения для воздушных ЛЭП 6...35 кВ; Безопасность жизнедеятельности; № 6

Podrobná bibliografie
Parent link:Безопасность жизнедеятельности: научно-практический и учебно-методический журнал.— , 2001-
№ 6.— 2003.— С. 24-27
Hlavní autor: Ким К. К.
Další autoři: Красных А. А., Морозов А. С.
Jazyk:ruština
Vydáno: 2003
Edice:Наука и практика
Témata:
Médium: MixedMaterials Kapitola
KOHA link:https://koha.lib.tpu.ru/cgi-bin/koha/opac-detail.pl?biblionumber=387415

MARC

LEADER 00000naa2a2200000 4500
001 387415
005 20231101063614.0
035 |a (RuTPU)RU\TPU\prd\17053 
090 |a 387415 
100 |a 20030908a2003 k y0rusy50 ca 
101 0 |a rus 
102 |a RU 
200 1 |a Сигнализаторы напряжения для воздушных ЛЭП 6...35 кВ  |f К. К. Ким, А. А. Красных, А. С. Морозов 
225 1 |a Наука и практика 
320 |a Библиогр.: 2 назв. 
461 1 |0 (RuTPU)RU\TPU\prd\1137  |t Безопасность жизнедеятельности  |o научно-практический и учебно-методический журнал  |d 2001- 
463 1 |0 (RuTPU)RU\TPU\prd\16113  |t № 6  |v С. 24-27  |d 2003 
610 1 |a сигнализаторы напряжения 
610 1 |a линии электропередачи 
610 1 |a указатели напряжения бесконтактные 
610 1 |a безопасность 
675 |a 621.315.001.25  |v 3 
700 1 |a Ким  |b К. К. 
701 1 |a Красных  |b А. А. 
701 1 |a Морозов  |b А. С. 
801 1 |a RU  |b 63413507  |c 20030908  |g PSBO 
942 |c BK